| 000 | 00482nam a2200181Ia 4500 | ||
|---|---|---|---|
| 008 | 181130s2018 xx 000 0 und d | ||
| 100 | _aKalamkar, S.S. | ||
| 245 | _aFarmers suicides in Gujarat | ||
| 260 | _c2018 | ||
| 300 | _ap.33-38. | ||
| 504 | _dMar | ||
| 650 | _aFarmers | ||
| 650 | _aFarmers suicides - India - Gujarat | ||
| 650 | _aSuicides | ||
| 700 | _aMrutyunjay, Swain and Parihar, Thansingh | ||
| 773 | _aAgricultural Situation in India | ||
| 906 | _aFarmers | ||
| 999 |
_c506336 _d506336 |
||